From Tribe to Empire: (Record no. 44356)
[ view plain ]
| 000 -LEADER | |
|---|---|
| fixed length control field | 01198nam a22003011a 4500 |
| 001 - CONTROL NUMBER | |
| control field | 44356 |
| 003 - CONTROL NUMBER IDENTIFIER | |
| rucl marc code | BD-RjUL |
| 005 - DATE AND TIME OF LATEST TRANSACTION | |
| control field | 20211209053837.0 |
| 008 - FIXED-LENGTH DATA ELEMENTS--GENERAL INFORMATION | |
| fixed length control field | 760107s1926 enkab b 001 0 eng |
| 035 ## - SYSTEM CONTROL NUMBER | |
| System control number | (BD-RjUL)44474 |
| 040 ## - CATALOGING SOURCE | |
| Original cataloging agency | DLC |
| Transcribing agency | TxCM |
| Modifying agency | OCoLC |
| -- | DLC |
| -- | BD-RjUL |
| Language of cataloging | eng |
| 041 1# - LANGUAGE CODE | |
| Language code of text/sound track or separate title | eng |
| Language code of original | fre |
| 082 ## - DEWEY DECIMAL CLASSIFICATION NUMBER | |
| Edition number | 23 |
| Classification number | 301 |
| Author mark and year | MOF 1926 |
| 100 1# - MAIN ENTRY--PERSONAL NAME | |
| Personal name | Moret, Alexandre, |
| Dates associated with a name | 1868-1938. |
| 9 (RLIN) | 219447 |
| 245 10 - TITLE STATEMENT | |
| Title | From Tribe to Empire: |
| Remainder of title | social organization among primitives and in the ancient East / |
| Statement of responsibility, etc. | by A. Moret and G. Davy ; translated by V. Gordon Childe |
| 260 ## - PUBLICATION, DISTRIBUTION, ETC. (IMPRINT) | |
| Place of publication, distribution, etc. | London, |
| Name of publisher, distributor, etc. | K. Paul, Trench, Trübner & Co., ltd.; |
| Place of publication, distribution, etc. | New York, |
| Name of publisher, distributor, etc. | A.A. Knopf, |
| Date of publication, distribution, etc. | 1926. |
| 300 ## - PHYSICAL DESCRIPTION | |
| Pagination | xxx, 371 p. : |
| Illustrations | ill. ; |
| Size | 25 cm. |
| 490 0# - SERIES STATEMENT | |
| Series statement | The history of civilization. Pre-history and antiquity |
| 504 ## - BIBLIOGRAPHY, ETC. NOTE | |
| Bibliography, etc | Bibliography: p. 361-364. |
| 650 #0 - SUBJECT ADDED ENTRY--TOPICAL TERM | |
| Topical term or geographic name as entry element | Primitive societies. |
| 9 (RLIN) | 219448 |
| Topical term or geographic name as entry element | Totemism. |
| 9 (RLIN) | 219449 |
| Topical term or geographic name as entry element | Prehistoric peoples. |
| 9 (RLIN) | 219450 |
| 651 #0 - SUBJECT ADDED ENTRY--GEOGRAPHIC NAME | |
| Geographic name | Egypt |
| General subdivision | History, Ancient. |
| 9 (RLIN) | 219451 |
| 700 1# - ADDED ENTRY--PERSONAL NAME | |
| Personal name | Davy, Georges, |
| Dates associated with a name | 1883- |
| Relator term | joint author. |
| Personal name | Childe, V. Gordon |
| Fuller form of name | (Vere Gordon), |
| Dates associated with a name | 1892-1957, |
| Relator term | tr. |
| 830 ## - SERIES ADDED ENTRY--UNIFORM TITLE | |
| Uniform title | The history of civilization. Pre-history and antiquity |
| 942 ## - ADDED ENTRY ELEMENTS (KOHA) | |
| Source of classification or shelving scheme | Dewey Decimal Classification |
| Koha item type | Rare Books |
| Lost status | Source of classification or shelving scheme | Damaged status | Not for loan | Collection code | Permanent Location | Current Location | Shelving location | Date acquired | Source of acquisition | Cost, normal purchase price | Total Checkouts | Full call number | Date last seen | Copy number | Koha item type |
|---|---|---|---|---|---|---|---|---|---|---|---|---|---|---|---|
| Dewey Decimal Classification | Not For Loan | Rare Books | Central Library, University of Rajshahi | Central Library, University of Rajshahi | Rare Book Section | 25/11/1957 | Pak-American Commercial | 18.75 | RA 301 MOF 1926 | 23/11/2017 | C-1 | Rare Books | |||
| Dewey Decimal Classification | Non-fiction | Central Library, University of Rajshahi | Central Library, University of Rajshahi | 06/12/1957 | Unlimited | 22.00 | RA 301 MOF 1926 | 01/12/2019 | C-2 | Rare Books |